| 000 | 00561nam a22001817a 4500 | ||
|---|---|---|---|
| 003 | BUBTL | ||
| 008 | 180109b xxu||||| |||| 00| 0 eng d | ||
| 020 | _a978-81-7671-061-9 | ||
| 082 | _a808.027 | ||
| 245 | _aMLA Handbook For Writers Of Research Papers | ||
| 250 | _a7th ed. | ||
| 260 |
_aNew Delhi : _bAffiliated East-West Press Pvt Ltd, _cc2009. |
||
| 300 |
_axxi, 292 p. : _bill. ; _c21 cm. |
||
| 500 | _aIncludes bibliographical references (p. 258-260) and index. | ||
| 856 |
_k0 _l0 _yDownload |
||
| 942 |
_2ddc _cBK |
||
| 999 |
_c5642 _d5642 |
||